00425 a2200121 4500041001100000082001100011100002300022245011400045260001700159502005100176650005600227653002000283 aNepali aCD8021 aRegmi, Bal Krishna aKaksya chhama adhyayanrat Limbubhasi vidyarthiharule stariya Nepali vakya gathanma garne trutiharuko adhyayan aMorangc2067 aDissertationbDegree in EducationcSukuna M.C. aLimbu languageaAnalysis - languageaErrer analysis aNepali language